| 000 | 01084nam a22003017a 4500 | ||
|---|---|---|---|
| 005 | 20240530110441.0 | ||
| 008 | 150420s2012 ua g b 000 0 ara d | ||
| 017 |
_a2012/2745 _bمصر . دار الكتب المصرية |
||
| 020 | _a9772328615 | ||
| 040 | _aEG-CaGPL | ||
| 082 | 0 | 4 |
_221 _a306.42\ _bف ع |
| 100 | 0 | _aفاروق ابوزيد. | |
| 245 | 1 | 0 |
_aعصر التنوير العربى / _cفاروق ابوزيد. |
| 250 | _aط1. | ||
| 260 |
_aالقاهرة : _bعالم الكتب ، _c2012. |
||
| 300 |
_a192 ص ؛ _c24 سم. |
||
| 504 | _aيشتمل على ارجاعات ببليوجرافية. | ||
| 600 | 0 |
_aقاسم امين _xالفكر السياسى. |
|
| 650 | 0 | 4 | _aالحكومة الاسلامية. |
| 650 | 0 | 4 | _aعرب المهجر. |
| 650 | 0 | 4 | _aالرأس مالية. |
| 650 | 0 | 4 | _aعصر التنوير. |
| 650 | 0 | 4 |
_aالسيرة النبوية _xطرق كتابة. |
| 650 | 0 | 4 | _aالاسلام والسياسة |
| 651 | 0 | 4 |
_aمصر _xالاحوال السياسية. |
| 942 |
_2ddc _cBK |
||
| 999 |
_c61042 _d61042 |
||